Fútbol - Selecciones que le ganaron a Argentina desde el 2000 - Estadísticas

Estadísticas generales
  • Esta prueba ha sido intentada 376 veces
  • La puntuación promedio es 13 de 14
Estadísticas de respuestas
Cantidad Primera Última Equipo % Correcto
7 2000 2019 Brasil
99%
2 2010 2014 Alemania
98%
1 2018 2018 Francia
98%
3 2005 2023 Uruguay
97%
1 2008 2008 Chile
96%
3 2007 2024 Colombia
96%
1 2022 2022 Arabia Saudita
95%
2 2009 2017 Bolivia
88%
1 2018 2018 Croacia
88%
4 2005 2024 Paraguay
88%
1 2011 2011 Venezuela
87%
4 2005 2025 Ecuador
86%
1 2002 2002 Inglaterra
82%
1 2004 2004 México
80%
No se encontraron pruebas coincidentes
Distribución de puntuación
Porcentaje de gente con cada puntuación
Porcentaje por número respondido
Historial de tus puntuaciones
No has intentado esta prueba.